[Event "Arhusmesterskabet"]
[Site "Arhus"]
[Date "1998.02.05"]
[Round "1"]
[White "Jensen, Vagn"]
[Black "Ostersen, Kjeld"]
[Result "0-1"]
[WhiteElo "2192"]
[BlackElo "2110"]
[PlyCount "128"]
[EventDate "1998.02.05"]
[Source "Villy Isaksen"]

1. e4 c5 2. Nf3 Nc6 3. Bb5 g6 4. O-O Bg7 5. c3 Nf6 6. d4 cxd4 7. cxd4 Nxe4 8.
d5 Ne5 9. Nxe5 Bxe5 10. Qe2 f5 11. f3 Bd4+ 12. Kh1 Nd6 13. Ba4 O-O 14. Bg5 Bf6
15. Bxf6 exf6 16. Nc3 a6 17. Qd2 b5 18. Bb3 Bb7 19. Qd4 Kg7 20. Qb4 Nf7 21. d6
a5 22. Qd4 b4 23. Na4 Ne5 24. Nc5 Bc6 25. Rfe1 Re8 26. Re3 a4 27. Bd5 Qa5 28.
Rae1 f4 29. Rxe5 Rxe5 30. Rxe5 fxe5 31. Qxe5+ Kh6 32. Qxf4+ Kg7 33. Qd4+ Kh6
34. Qh4+ Kg7 35. Qe7+ Kh6 36. Qh4+ Kg7 37. Qd4+ 37... Kh6 $11 38. Bxc6 b3 39.
Qh4+ Kg7 40. Qe7+ Kh6 41. Qe3+ Kg7 42. a3 dxc6 43. d7 Kf7 44. Qe6+ Kf8 45. Nb7
Qg5 46. Qd6+ Kg7 47. f4 Qh4 48. g3 Qg4 49. Kg1 Qf3 50. Qd4+ Kg8 51. d8=Q+ Rxd8
52. Qxd8+ Kg7 53. Qd4+ Kg8 54. Nc5 Qe2 55. Qd8+ Kg7 56. Qd4+ Kg8 57. Qe5 Qd1+
58. Kg2 g5 59. Qxg5+ Kh8 60. Qe5+ Kg8 61. Qe8+ Kg7 62. Qd7+ Qxd7 63. Nxd7 Kf7
64. Kf3 64... Ke6 {tabt pa tid} 0-1

[Event "Arhusmesterskabet"]
[Site "Arhus"]
[Date "1998.02.05"]
[Round "1"]
[White "Poulsen, Michael"]
[Black "Matthiesen, Martin"]
[Result "1-0"]
[WhiteElo "2101"]
[BlackElo "2235"]
[PlyCount "63"]
[EventDate "1998.02.05"]
[Source "Villy Isaksen"]

1. d4 Nf6 2. c4 g6 3. Nc3 Bg7 4. e4 d6 5. f3 O-O 6. Be3 c5 7. d5 e6 8. Bd3 exd5
9. cxd5 Nbd7 10. Nge2 Ne5 11. O-O Nxd3 12. Qxd3 Nd7 13. f4 Nf6 14. h3 Re8 15.
Ng3 a6 16. a4 Bd7 17. e5 dxe5 18. fxe5 Rxe5 19. Bxc5 Nh5 20. Nxh5 Rxh5 21. Bd4
Bf5 22. Qe3 Rh4 23. Bxg7 Kxg7 24. Rae1 Rb4 25. Rf2 Qd6 26. g4 Bd7 27. Ne4 Qxd5
28. Rd2 Qc6 29. Nc5 Rc4 30. Nxd7 Rc1 31. Rxc1 Qxc1+ 32. Kh2 1-0

[Event "Arhusmesterskabet"]
[Site "Arhus"]
[Date "1998.02.06"]
[Round "2"]
[White "Ostersen, Kjeld"]
[Black "Fries Nielsen, Jens Ove"]
[Result "1/2-1/2"]
[WhiteElo "2110"]
[BlackElo "2380"]
[PlyCount "43"]
[EventDate "1998.02.05"]
[Source "Villy Isaksen"]

1. d4 d5 2. Nf3 c6 3. c4 e6 4. cxd5 exd5 5. Qc2 Bd6 6. Bg5 Ne7 7. Nc3 f6 8. Bd2
b5 9. a3 Bg4 10. h3 Bh5 11. g4 Bg6 12. e4 Nd7 13. Bd3 b4 14. axb4 Bxb4 15. O-O
O-O 16. Nh4 Nb6 17. Nxd5 Nbxd5 18. Nxg6 Nxg6 19. exd5 Bxd2 20. Qxd2 Qxd5 21.
Bxg6 hxg6 22. Ra5 1/2-1/2

[Event "Arhusmesterskabet"]
[Site "Arhus"]
[Date "1998.02.06"]
[Round "2"]
[White "Poulsen, Michael"]
[Black "Nielsen, Poul Erik"]
[Result "0-1"]
[WhiteElo "2101"]
[BlackElo "2245"]
[PlyCount "80"]
[EventDate "1998.02.05"]
[Source "Villy Isaksen"]

1. c4 Nc6 2. d4 d5 3. Nc3 dxc4 4. Nf3 Nf6 5. e4 Bg4 6. d5 Ne5 7. Bf4 Ng6 8. Bg3
e5 9. dxe6 Bxe6 10. Ng5 Qxd1+ 11. Rxd1 Bb4 12. Nxe6 fxe6 13. Bxc4 Nxe4 14. Bxc7
Ke7 15. Bd3 Nxc3 16. bxc3 Bxc3+ 17. Ke2 Rac8 18. Bg3 Be5 19. Bxg6 Bxg3 20. Be4
Bf4 21. g3 Bh6 22. Rd4 Rc7 23. Rhd1 g6 24. h4 Bg7 25. Ra4 b6 26. Ra3 Bc3 27.
Rc1 Rhc8 28. Rb3 Bd4 29. Rxc7+ Rxc7 30. f3 Kf6 31. Kd3 Bf2 32. h5 gxh5 33. Rb5
e5 34. g4 h4 35. f4 exf4 36. Rh5 Bg3 37. g5+ Ke6 38. Bxh7 f3 39. Be4 f2 40. Bg2
Kf5 0-1

[Event "Arhusmesterskabet"]
[Site "Arhus"]
[Date "1998.02.07"]
[Round "3"]
[White "Rewitz, Poul"]
[Black "Ostersen, Kjeld"]
[Result "1-0"]
[WhiteElo "2317"]
[BlackElo "2110"]
[PlyCount "111"]
[EventDate "1998.02.05"]
[Source "Villy Isaksen"]

1. e4 c5 2. Nf3 Nc6 3. d4 cxd4 4. Nxd4 Nf6 5. Nc3 g6 6. g3 d6 7. Bg2 Bg4 8.
Nde2 Ne5 9. f4 Nc6 10. Be3 Qa5 11. Qd2 Bg7 12. h3 Bxe2 13. Nxe2 Qxd2+ 14. Bxd2
O-O-O 15. O-O-O d5 16. Nc3 d4 17. Nd5 Nh5 18. Bf3 e6 19. Nb4 Nxb4 20. Bxb4 Nxg3
21. Rhg1 Bh6 22. Bd2 Nh5 23. Bxh5 gxh5 24. f5 Bxd2+ 25. Rxd2 exf5 26. exf5 Rhg8
27. Rxg8 Rxg8 28. Rxd4 28... Rg5 $11 29. Rf4 Rg3 30. Rc4+ Kd7 31. Rd4+ Ke7 32.
Ra4 a6 33. Rb4 Rxh3 34. Rxb7+ Kf6 35. c4 Rg3 36. Rd7 h4 37. Rd1 Rg4 38. b3 Rg2
39. Rh1 Kg5 40. Kb1 Kg4 41. c5 Re2 42. c6 Re7 43. Rc1 Rc7 44. b4 Kxf5 45. a4
Ke6 46. b5 axb5 47. axb5 Kd6 48. Kb2 Rc8 49. Kb3 Kc7 50. Kb4 Re8 51. Ra1 Re4+
52. Kc5 Re5+ 53. Kc4 Re4+ 54. Kd5 Rb4 55. Kc5 Rb2 56. b6+ 1-0

[Event "Arhusmesterskabet"]
[Site "Arhus"]
[Date "1998.02.07"]
[Round "3"]
[White "Skytte, Rasmus"]
[Black "Poulsen, Michael"]
[Result "1-0"]
[WhiteElo "2208"]
[BlackElo "2101"]
[PlyCount "93"]
[EventDate "1998.02.05"]
[Source "Villy Isaksen"]

1. e4 e6 2. d4 d5 3. e5 c5 4. c3 Nc6 5. Nf3 Qb6 6. a3 c4 7. Nbd2 Na5 8. Be2 Bd7
9. O-O Ne7 10. Rb1 h6 11. Qc2 O-O-O 12. Ne1 Kb8 13. g3 Nb3 14. Nxb3 Ba4 15. Be3
15... Qxb3 $11 16. Qd2 Nf5 17. Bd1 Qb5 18. Nc2 Be7 19. Be2 Rdg8 20. b3 Bxb3 21.
Na1 Qa4 22. Nxb3 cxb3 23. Rb2 Rc8 24. Rfb1 Rc7 25. Rxb3 Rhc8 26. Qb2 b6 27. Bb5
Qa5 28. Bd2 Rc4 29. a4 Bd8 30. Bxc4 dxc4 31. Rb5 Qa6 32. a5 Ne7 33. axb6 Bxb6
34. Bc1 Nd5 35. Ra1 Qb7 36. Qc2 h5 37. h4 f5 38. exf6 gxf6 39. Bd2 Rg8 40. Re1
Qd7 41. Rb2 e5 42. Qe4 exd4 43. Bf4+ Kc8 44. Rb4 Qc6 45. Qf5+ Kd8 46. Re6 Ne7
47. Qxf6 1-0

[Event "Arhusmesterskabet"]
[Site "Arhus"]
[Date "1998.02.08"]
[Round "4"]
[White "Matthiesen, Arne"]
[Black "Ostersen, Kjeld"]
[Result "1-0"]
[WhiteElo "2259"]
[BlackElo "2110"]
[PlyCount "57"]
[EventDate "1998.02.05"]
[Source "Villy Isaksen"]

1. d4 Nf6 2. Nf3 e6 3. c4 Bb4+ 4. Nc3 c5 5. e3 d5 6. a3 cxd4 7. axb4 dxc3 8.
bxc3 O-O 9. Qb3 Qc7 10. Bb2 Nc6 11. cxd5 exd5 12. c4 Qd6 13. c5 Qe6 14. b5 Ne7
15. Qc3 Rd8 16. Be2 Qg4 17. h3 Qxg2 18. Rg1 d4 19. Qa5 b6 20. Rxg2 bxa5 21.
Bxd4 Kf8 22. Rxa5 Bxh3 23. Rh2 Bf5 24. Bxf6 gxf6 25. Nd4 Be4 26. Rh4 f5 27.
Rxh7 Kg8 28. Rh5 Rd5 29. f3 1-0

[Event "Arhusmesterskabet"]
[Site "Arhus"]
[Date "1998.02.08"]
[Round "4"]
[White "Windelboe, Werner"]
[Black "Poulsen, Michael"]
[Result "0-1"]
[WhiteElo "2100"]
[BlackElo "2101"]
[PlyCount "112"]
[EventDate "1998.02.05"]
[Source "Villy Isaksen"]

1. e4 e6 2. d3 d5 3. Nd2 Nf6 4. Ngf3 c5 5. g3 Nc6 6. Bg2 Be7 7. Qe2 b6 8. O-O
Bb7 9. c3 Qc7 10. Ne1 O-O-O 11. a4 h5 12. Nef3 Ba6 13. Ng5 Ne5 14. c4 dxe4 15.
Ndxe4 Bb7 16. Nxf6 gxf6 17. Bxb7+ Kxb7 18. Bf4 Bd6 19. Qe4+ Kb8 20. a5 bxa5 21.
Bxe5 Bxe5 22. Nf3 h4 23. Nxe5 fxe5 24. Ra3 f5 25. Rb3+ Kc8 26. Qe3 Rd4 27. Qf3
e4 28. dxe4 Rxe4 29. Rb5 a6 30. Qc3 axb5 31. Qxh8+ Qd8 32. Qxd8+ Kxd8 33. cxb5
Kc7 34. gxh4 Rxh4 35. Re1 Rh6 36. Kg2 Kb6 37. Rh1 e5 38. h4 Kxb5 39. h5 Kb4 40.
Rh3 c4 41. Kf1 Kc5 42. Ke2 Kd4 43. Rh4+ f4 44. Kd2 a4 45. Rh3 e4 46. Rh4 f3 47.
Rh1 Ke5 48. Kc3 e3 49. fxe3 Ke4 50. Kd2 Rd6+ 51. Kc3 f2 52. Kxc4 Kxe3 53. Kb4
Rb6+ 54. Kc3 Ke2 55. Rh2 Ke1 56. Rxf2 Kxf2 0-1

[Event "Arhusmesterskabet"]
[Site "Arhus"]
[Date "1998.02.13"]
[Round "5"]
[White "Poulsen, Michael"]
[Black "Rendboe, John"]
[Result "1/2-1/2"]
[WhiteElo "2101"]
[BlackElo "2219"]
[PlyCount "61"]
[EventDate "1998.02.05"]

1. d4 d5 2. c4 e6 3. Nc3 Nf6 4. Bg5 Be7 5. e3 O-O 6. Nf3 b6 7. Qc2 Ba6 8. cxd5
Bxf1 9. Kxf1 Nxd5 10. h4 Nd7 11. Nxd5 exd5 12. Qc6 Nf6 13. Rc1 Rc8 14. g3 Re8
15. Kg2 Ne4 16. Bf4 Bf6 17. b4 h6 18. Rc2 Re6 19. Qb7 c5 20. bxc5 Re7 21. Qa6
bxc5 22. dxc5 Nxc5 23. Rhc1 Nxa6 24. Rxc8 Qxc8 25. Rxc8+ Kh7 26. Ra8 Rb7 27.
Bd6 Nc7 28. Bxc7 Rxc7 29. Nd4 Bxd4 30. exd4 Kg6 31. Rd8 1/2-1/2

[Event "Arhusmesterskabet"]
[Site "Arhus"]
[Date "1998.02.13"]
[Round "5"]
[White "Ostersen, Kjeld"]
[Black "Matthiesen, Martin"]
[Result "1-0"]
[WhiteElo "2110"]
[BlackElo "2235"]
[PlyCount "82"]
[EventDate "1998.02.05"]

1. d4 Nf6 2. Nf3 g6 3. c4 Bg7 4. Nc3 O-O 5. Bg5 d6 6. Qc2 c5 7. d5 h6 8. Bh4 b5
9. cxb5 a6 10. b6 Qxb6 11. e4 e6 12. Bc4 exd5 13. Bxf6 dxc4 14. Bxg7 Kxg7 15.
Nd5 Qa5+ 16. Nd2 Nc6 17. b4 Nxb4 18. Qc3+ f6 19. O-O Nc6 20. Qe3 Be6 21. Nxc4
Qd8 22. f4 Nd4 23. Rab1 Rb8 24. Kh1 Re8 25. Qa3 Bxd5 26. exd5 Qe7 27. Rxb8 Rxb8
28. Qxa6 Nf5 29. Na5 Rb2 30. Nc6 Qe4 31. Qa7+ Kh8 32. Qa8+ Kh7 33. Qa7+ Ng7 34.
Rg1 Qxd5 35. Ne7 Qxa2 36. Qd7 Rd2 37. f5 g5 38. Ng6 c4 39. Nf8+ Kg8 40. Qd8 Kf7
41. Nh7 Ne8 1-0

[Event "Arhusmesterskabet"]
[Site "Arhus"]
[Date "1998.02.14"]
[Round "6"]
[White "Ostersen, Kjeld"]
[Black "Hansen, Bjarne"]
[Result "0-1"]
[WhiteElo "2110"]
[BlackElo "2174"]
[PlyCount "146"]
[EventDate "1998.02.05"]

1. d4 c5 2. d5 g6 3. c4 e5 4. dxe6 fxe6 5. Nc3 Nc6 6. Nf3 Nf6 7. Bg5 Be7 8. Qd2
a6 9. e4 e5 10. Rd1 O-O 11. Be2 d6 12. Bh6 Re8 13. Ng5 Nd4 14. O-O Bf8 15. Bxf8
Rxf8 16. f4 Qe7 17. f5 gxf5 18. exf5 Bxf5 19. Bf3 Qg7 20. Nd5 Kh8 21. Nxf6 Rxf6
22. Bd5 Raf8 23. Rf2 Bg4 24. Rxf6 Rxf6 25. Re1 h6 26. Ne4 Bf3 27. Nxf6 Bxd5 28.
Rf1 Nf3+ 29. Rxf3 Bxf3 30. Ne8 Qg6 31. Nxd6 Bc6 32. Nc8 Qb1+ 33. Kf2 Qf5+ 34.
Kg1 Qb1+ 35. Kf2 Qf5+ 36. Kg1 Qxc8 37. Qxh6+ Kg8 38. Qg6+ Kf8 39. h4 Ke7 40. h5
Qe6 41. Qg7+ Qf7 42. Qxe5+ Kf8 43. Qxc5+ Kg8 44. Qg5+ Qg7 45. Qd8+ Kh7 46. Qd2
Qg4 47. Qc2+ Kh6 48. b4 Qd4+ 49. Kh2 Kxh5 50. Qf5+ Kh6 51. b5 axb5 52. cxb5 Be4
53. Qe6+ Kg5 54. Qb3 Bd5 55. Qc2 Qh8+ 56. Kg1 Qa1+ 57. Kh2 Qxa2 58. Qc1+ Kg6
59. Qf1 Qd2 60. Kh3 Bxg2+ 61. Qxg2+ Qxg2+ 62. Kxg2 Kf5 63. Kf3 Ke5 64. Ke3 Kd5
65. Kd3 Kc5 66. b6 Kxb6 67. Kc4 Ka5 68. Kb3 Kb5 69. Kc3 Ka4 70. Kc2 Ka3 71. Kb1
Kb3 72. Kc1 b5 73. Kb1 b4 0-1

[Event "Arhusmesterskabet"]
[Site "Arhus"]
[Date "1998.02.14"]
[Round "6"]
[White "Alkarsig, Ole"]
[Black "Poulsen, Michael"]
[Result "1/2-1/2"]
[WhiteElo "2190"]
[BlackElo "2101"]
[PlyCount "35"]
[EventDate "1998.02.05"]

1. e4 e6 2. d4 d5 3. e5 c5 4. c3 Nc6 5. Nf3 Qb6 6. a3 c4 7. Nbd2 Na5 8. Be2 Bd7
9. O-O h6 10. a4 O-O-O 11. Ne1 Kb8 12. f4 Ne7 13. Nc2 Nf5 14. g4 Ne7 15. Ne3 g6
16. Kh1 h5 17. g5 Rc8 18. Qe1 1/2-1/2

[Event "Arhusmesterskabet"]
[Site "Arhus"]
[Date "1998.02.15"]
[Round "7"]
[White "Jensen, Jakob Bjerre"]
[Black "Ostersen, Kjeld"]
[Result "0-1"]
[WhiteElo "2154"]
[BlackElo "2110"]
[PlyCount "86"]
[EventDate "1998.02.05"]

1. d4 Nf6 2. c4 e6 3. Nf3 Bb4+ 4. Nbd2 b6 5. e3 Bb7 6. a3 Be7 7. Bd3 d6 8. e4
Nbd7 9. O-O e5 10. d5 O-O 11. b4 a5 12. Rb1 Nh5 13. g3 13... g6 $11 14. Qc2 Bc8
15. Nb3 axb4 16. axb4 Ndf6 17. Bh6 Ng7 18. Ra1 Rxa1 19. Rxa1 Qd7 20. Bf1 Qg4
21. Nbd2 Qh5 22. Bxg7 Kxg7 23. Ra7 Ne8 24. Bg2 Bg4 25. Ne1 Bg5 26. Nf1 Bd1 27.
Qc3 f5 28. Bf3 Bxf3 29. Qxf3 fxe4 30. Qxe4 Rf7 31. c5 Nf6 32. Qd3 bxc5 33. bxc5
e4 34. Qd4 dxc5 35. Qxc5 Qd1 36. Qc3 Qc1 37. Qxc1 Bxc1 38. Ra5 Ng4 39. Rc5 Bb2
40. Rc2 Bd4 41. Kg2 Nxf2 42. Rc4 Bb6 43. Nc2 Ng4 0-1

[Event "Arhusmesterskabet"]
[Site "Arhus"]
[Date "1998.02.15"]
[Round "7"]
[White "Poulsen, Michael"]
[Black "Rasmussen, Casper"]
[Result "1/2-1/2"]
[WhiteElo "2101"]
[BlackElo "2180"]
[PlyCount "86"]
[EventDate "1998.02.05"]

1. d4 d6 2. c4 e5 3. Nf3 Nc6 4. Nc3 g6 5. Bg5 f6 6. Be3 Bg7 7. h4 Bg4 8. d5
Nce7 9. Nh2 Bd7 10. g4 a6 11. f3 c5 12. dxc6 Bxc6 13. Bg2 d5 14. cxd5 Nxd5 15.
Nxd5 Bxd5 16. Nf1 Ne7 17. h5 Kf7 18. hxg6+ hxg6 19. Rxh8 Qxh8 20. Bc5 Rd8 21.
Bb6 Rd6 22. Bc5 Rd8 23. Bb6 Rd7 24. Ne3 Be6 25. Qa4 Bh6 26. Rd1 Rxd1+ 27. Nxd1
Nd5 28. Bf2 Qd8 29. e3 $11 29... Qb6 30. f4 Qb4+ 31. Qxb4 Nxb4 32. fxe5 Nd3+
33. Kd2 Nxe5 34. Bxb7 a5 35. b3 Nxg4 36. Bg3 Ne5 37. Nf2 Bf8 38. Bxe5 fxe5 39.
Kd3 g5 40. Bf3 Be7 41. Bg4 Bxg4 42. Nxg4 Bd6 43. Ke4 Ke6 1/2-1/2